[Event "Faxe Dags EMT 2016"]
[Site "Faxe"]
[Date "2016.04.20"]
[Round "4"]
[White "Refsgaard, Kaj"]
[Black "Jacobsen, Knud"]
[Result "1-0"]
[WhiteElo "1547"]
[BlackElo "1038"]
[PlyCount "49"]
[EventDate "2016.??.??"]

1. d4 d5 2. Bf4 Nf6 3. e3 e6 4. Bd3 Be7 5. Nd2 O-O 6. Rc1 Nbd7 7. Ngf3 Ne4 8.
Nxe4 dxe4 9. Bxe4 Nf6 10. Bd3 Bd7 11. Ne5 Re8 12. Qf3 c6 13. O-O g6 14. Bg5 Rc8
15. Bxf6 Bxf6 16. Nxd7 Kg7 17. Qxf6+ Qxf6 18. Nxf6 Kxf6 19. c3 c5 20. Be4 Rc7
21. dxc5 Rb8 22. b4 Ra8 23. Rfd1 a5 24. a3 axb4 25. axb4 1-0

[Event "Faxe Dags EMT 2016"]
[Site "Faxe"]
[Date "2016.04.20"]
[Round "4"]
[White "Larsen, Poul Erik"]
[Black "Hansen, Arne Mandrup"]
[Result "1-0"]
[WhiteElo "1180"]
[BlackElo "1230"]
[PlyCount "115"]
[EventDate "2016.??.??"]

1. Nf3 f5 2. d4 Nf6 3. e3 e6 4. Bd3 d6 5. Nc3 Be7 6. O-O O-O 7. Re1 d5 8. Bd2
c6 9. Ne5 Ne4 10. a3 Nd7 11. Nxd7 Bxd7 12. Ne2 Bh4 13. Bxe4 fxe4 14. Rf1 Qe8
15. Bb4 Be7 16. Qd2 b6 17. a4 c5 18. dxc5 bxc5 19. Bc3 Bd6 20. b3 Qh5 21. g3
Qf7 22. Nf4 Bxf4 23. exf4 d4 24. Bb2 Qf5 25. c3 d3 26. b4 c4 27. b5 e5 28. Ba3
Rf7 29. Bd6 exf4 30. Bxf4 Qd5 31. Rae1 Bh3 32. f3 Bxf1 33. fxe4 Qe6 34. Kxf1 g5
35. Kg1 gxf4 36. gxf4 Qg4+ 37. Kh1 Kh8 38. f5 Rg8 39. Qf2 Rfg7 40. f6 Qg2+ 41.
Qxg2 Rxg2 42. f7 Rg1+ 43. Rxg1 Rxg1+ 44. Kxg1 Kg7 45. Kf1 Kxf7 46. a5 Ke6 47.
b6 axb6 48. axb6 d2 49. Ke2 Kd6 50. Kxd2 Kc6 51. Ke3 Kxb6 52. Kd4 Kb5 53. e5 h5
54. e6 Kc6 55. Ke5 Kc7 56. Kf6 Kd8 57. Kf7 h4 58. e7+ 1-0

[Event "Faxe Dags EMT 2016"]
[Site "Faxe"]
[Date "2016.04.27"]
[Round "5"]
[White "Pedersen, Hans Dahl"]
[Black "Arnkilde, Anders"]
[Result "1/2-1/2"]
[WhiteElo "2144"]
[BlackElo "1970"]
[PlyCount "108"]
[EventDate "2016.??.??"]

1. d4 Nf6 2. c4 e6 3. Nc3 Bb4 4. Qc2 Bxc3+ 5. Qxc3 Ne4 6. Qc2 f5 7. Nf3 O-O 8.
g3 b6 9. Bg2 Bb7 10. O-O Qe7 11. b3 d6 12. Nd2 d5 13. f3 Nxd2 14. Qxd2 dxc4 15.
bxc4 c5 16. Ba3 Rd8 17. Qe3 Na6 18. Rad1 Rac8 19. d5 Rd6 20. Qe5 Re8 21. e4 Nb8
22. Qc3 Rd7 23. Bb2 Red8 24. Rde1 Qf7 25. Rf2 Re8 26. Rfe2 Rde7 27. Qc2 exd5
28. exd5 Rxe2 29. Rxe2 Rxe2 30. Qxe2 Nd7 31. f4 Nf8 32. Qe5 Nd7 33. Qe6 Nf8 34.
Qe3 Nd7 35. a4 Ba6 36. Bf1 Nf8 37. Qc3 Bb7 38. Bd3 Bc8 39. a5 Bd7 40. axb6 axb6
41. Qe5 Qg6 42. Qe7 Qf7 43. Qe5 Qg6 44. Qb8 h6 45. Be5 h5 46. Bd6 Qf6 47. Be5
Qg6 48. Qd8 Qg4 49. Bd6 Qd1+ 50. Kg2 Qxd3 51. Qxf8+ Kh7 52. Qe7 Ba4 53. Be5
Qe2+ 54. Kg1 Qe1+ 1/2-1/2

[Event "Faxe Dags EMT 2016"]
[Site "Faxe"]
[Date "2016.04.27"]
[Round "5"]
[White "Andersen, Bjarne Hjorth"]
[Black "Stuhr, Peter Sebastian"]
[Result "1-0"]
[WhiteElo "1877"]
[BlackElo "1907"]
[PlyCount "61"]
[EventDate "2016.??.??"]

1. e4 d6 2. d4 Nf6 3. Nc3 e5 4. dxe5 dxe5 5. Qxd8+ Kxd8 6. Bc4 Bb4 7. Bd2 Ke7
8. Nf3 Nbd7 9. O-O-O Bxc3 10. Bxc3 Nxe4 11. Bxe5 Nxe5 12. Nxe5 Nxf2 13. Nxf7
Be6 14. Rhe1 Nxd1 15. Nxh8 Nxb2 16. Kxb2 Rxh8 17. Bxe6 Kd6 18. Bg4 g6 19. Re6+
Kd5 20. Re7 Kd6 21. Rd7+ Kc6 22. Rg7 Kd6 23. Be2 b5 24. Kc3 a6 25. Rf7 Re8 26.
Bd3 Re7 27. Rxe7 Kxe7 28. Kb4 Kd6 29. Ka5 c5 30. Kxa6 c4 31. Kxb5 1-0

[Event "Faxe Dags EMT 2016"]
[Site "Faxe"]
[Date "2016.04.27"]
[Round "5"]
[White "Eckert, Svend"]
[Black "Hansen, Aage"]
[Result "0-1"]
[WhiteElo "1692"]
[BlackElo "1696"]
[PlyCount "102"]
[EventDate "2016.??.??"]

1. c4 e5 2. e3 Nc6 3. Nc3 Nf6 4. a3 b6 5. d4 exd4 6. exd4 Be7 7. Nf3 O-O 8. d5
Na5 9. b4 Nb7 10. Be2 a5 11. Rb1 Re8 12. O-O h6 13. Be3 Ng4 14. Bd4 Nd6 15. c5
bxc5 16. bxc5 Nb7 17. h3 Nf6 18. c6 dxc6 19. dxc6 Nd6 20. a4 Nf5 21. Be5 Bd6
22. Bxd6 Nxd6 23. Nb5 Ba6 24. Re1 Nfe4 25. Qc2 Rb8 26. Red1 Bxb5 27. Bxb5 Qf6
28. Bd3 Ng5 29. Nxg5 hxg5 30. Rxb8 Rxb8 31. Qc5 Rb2 32. f3 Rb3 33. Be4 Nxe4 34.
fxe4 Rb2 35. Rf1 Qe6 36. Qd4 Qa2 37. Rf2 Rxf2 38. Qxf2 Qxa4 39. Qa7 Qxc6 40.
Qxa5 Qb6+ 41. Qxb6 cxb6 42. Kf2 Kf8 43. Ke3 Ke7 44. g4 Ke6 45. Kd4 b5 46. Kc5
b4 47. Kxb4 Ke5 48. Kc5 Kxe4 49. Kd6 Kf4 50. Ke7 Kg3 51. Kxf7 Kxh3 0-1

[Event "Faxe Dags EMT 2016"]
[Site "Faxe"]
[Date "2016.04.27"]
[Round "5"]
[White "Alic, Ohran"]
[Black "Stuhr, Finn"]
[Result "1-0"]
[WhiteElo "1629"]
[BlackElo "1667"]
[PlyCount "93"]
[EventDate "2016.??.??"]

1. Nf3 b6 2. g3 Bb7 3. d4 g6 4. Bg2 d6 5. O-O Bg7 6. c3 Nd7 7. Nbd2 Ngf6 8. Re1
c5 9. e4 Qc7 10. d5 O-O 11. a4 Rae8 12. c4 a6 13. Rb1 b5 14. axb5 axb5 15. b3
Ra8 16. Bb2 Rfb8 17. Qc2 Nb6 18. e5 Nfd7 19. exd6 exd6 20. Bxg7 Kxg7 21. Qc3+
Kg8 22. Ra1 b4 23. Qb2 Re8 24. Rxa8 Rxa8 25. Ne4 Re8 26. Nf6+ Nxf6 27. Qxf6
Rxe1+ 28. Nxe1 Nd7 29. Qe7 Qc8 30. Bh3 f5 31. Qxd6 Qe8 32. Nf3 Bc8 33. g4 Qe4
34. Qe6+ Kg7 35. Qxe4 fxe4 36. Ng5 Ne5 37. Nxe4 h5 38. Nxc5 Nf3+ 39. Kf1 Ne5
40. f4 Nxc4 41. bxc4 Ba6 42. Kf2 Bxc4 43. d6 Kf7 44. gxh5 b3 45. Nxb3 Bxb3 46.
d7 Ke7 47. hxg6 1-0

[Event "Faxe Dags EMT 2016"]
[Site "Faxe"]
[Date "2016.04.27"]
[Round "5"]
[White "Jakobsen, Henning"]
[Black "Engelstoft, Jens"]
[Result "0-1"]
[WhiteElo "1474"]
[BlackElo "1642"]
[PlyCount "88"]
[EventDate "2016.??.??"]

1. d4 Nf6 2. c4 d6 3. Nc3 Nbd7 4. e4 e5 5. Be3 Be7 6. Nf3 Ng4 7. Bc1 exd4 8.
Nxd4 Nge5 9. Be2 O-O 10. O-O c6 11. Nf5 Nb6 12. b3 Bxf5 13. exf5 Bf6 14. Rb1 d5
15. Ba3 Re8 16. c5 Nbd7 17. f4 Ng4 18. Bxg4 Bxc3 19. Bb2 Bxb2 20. Rxb2 Nxc5 21.
Bf3 Qf6 22. Rc2 Ne4 23. Bxe4 Rxe4 24. g4 Rae8 25. Rc1 Qh4 26. Rf2 Qe7 27. Kf1
Qb4 28. h3 Rxf4 29. Rcc2 Rxf2+ 30. Rxf2 Qe4 31. Re2 Qh1+ 32. Kf2 Qh2+ 33. Ke1
Rxe2+ 34. Qxe2 Qxe2+ 35. Kxe2 c5 36. Kd3 b5 37. a3 a5 38. Kc3 f6 39. b4 axb4+
40. axb4 c4 41. h4 g6 42. h5 gxf5 43. gxf5 Kg7 44. Kd4 Kh6 0-1

[Event "Faxe Dags EMT 2016"]
[Site "Faxe"]
[Date "2016.04.27"]
[Round "5"]
[White "Zachariassen, John"]
[Black "Refsgaard, Kaj"]
[Result "0-1"]
[WhiteElo "1959"]
[BlackElo "1547"]
[PlyCount "96"]
[EventDate "2016.??.??"]

1. c4 c5 2. Nf3 Nc6 3. g3 g6 4. Bg2 Nf6 5. d4 cxd4 6. Nxd4 Nxd4 7. Qxd4 Bg7 8.
O-O O-O 9. Qd3 d6 10. Nc3 a6 11. h3 Rb8 12. e4 Nd7 13. f4 Nc5 14. Qe2 Bd7 15.
Bd2 b5 16. cxb5 Bxc3 17. Bxc3 Bxb5 18. Qe3 Bxf1 19. Rxf1 Na4 20. Bd4 Nxb2 21.
f5 Nc4 22. Qh6 Ne5 23. g4 Rb4 24. Be3 Rb2 25. g5 f6 26. Bd4 Rd2 27. Ba1 Qb6+
28. Kh2 Qe3 29. Bxe5 Rxg2+ 30. Kxg2 Qxe4+ 31. Rf3 dxe5 32. fxg6 Qxg6 33. Qxg6+
hxg6 34. Ra3 Ra8 35. Kf3 Kf7 36. Rb3 f5 37. Rb6 a5 38. a4 Rc8 39. Rb5 e4+ 40.
Ke2 Ra8 41. h4 Rh8 42. Rxa5 Rxh4 43. Ra8 f4 44. a5 Rh2+ 45. Kf1 e3 46. a6 f3
47. Kg1 f2+ 48. Kxh2 f1=Q 0-1

[Event "Faxe Dags EMT 2016"]
[Site "Faxe"]
[Date "2016.04.27"]
[Round "5"]
[White "Nielsen, Kurt Sogaard"]
[Black "Sorensen, Lindved"]
[Result "1-0"]
[WhiteElo "1661"]
[BlackElo "1733"]
[PlyCount "133"]
[EventDate "2016.??.??"]

1. d4 Nf6 2. c4 c5 3. Nf3 e6 4. Nc3 Nc6 5. a3 cxd4 6. Nxd4 Bc5 7. e3 O-O 8. b4
Bb6 9. Bb2 e5 10. Nde2 d6 11. Nd5 Nxd5 12. cxd5 Ne7 13. Ng3 Nf5 14. Ne4 Qh4 15.
Qf3 a5 16. g3 Qd8 17. Bc3 axb4 18. Bxb4 Ba5 19. Rb1 Bxb4+ 20. axb4 Ra4 21. Nd2
Qb6 22. Qe4 Ne7 23. Qc4 Bd7 24. Be2 Rc8 25. Qb3 Bb5 26. Bc4 Rca8 27. O-O Ra3
28. Qc2 Rc8 29. Qb2 Rxe3 30. Bxb5 Rxg3+ 31. hxg3 Qxb5 32. Ra1 Qxd5 33. Ra5 Qe6
34. Kg2 h5 35. Rh1 Qg6 36. Qb1 f5 37. Qb3+ Kh7 38. Qf3 e4 39. Rxh5+ Kg8 40.
Qb3+ d5 41. Rh4 Qd6 42. Nxe4 fxe4 43. Rxe4 Kf8 44. Rf4+ Ke8 45. Qe3 Kd7 46. Rf7
g6 47. Qd3 Ke8 48. Rh7 Qxb4 49. Qb5+ Qxb5 50. Rxb5 Rc7 51. Rh4 Kd7 52. Rhb4 Nc6
53. Rxd5+ Ke6 54. Rbb5 Na7 55. Re5+ Kf6 56. Rbd5 Nc6 57. Re3 Ne7 58. Rb5 Nf5
59. Rb6+ Kf7 60. Rf3 Kg7 61. Rfb3 Rc2 62. Rxb7+ Kh6 63. Rd3 Rc4 64. Rb6 Kh5 65.
Rd1 Rc2 66. Rh1+ Kg4 67. Rxg6# 1-0

[Event "Faxe Dags EMT 2016"]
[Site "Faxe"]
[Date "2016.04.27"]
[Round "5"]
[White "Adrian, Michael"]
[Black "Hansen, Borge"]
[Result "1/2-1/2"]
[WhiteElo "1523"]
[BlackElo "1433"]
[PlyCount "43"]
[EventDate "2016.??.??"]

1. d4 d5 2. e3 e6 3. Bd3 Nf6 4. f4 c5 5. c3 Nbd7 6. Nf3 Be7 7. O-O O-O 8. Nbd2
Ng4 9. Qe2 f5 10. Ne5 Ngf6 11. Rf3 Ne4 12. Rh3 Qe8 13. Bb5 a6 14. Bxd7 Bxd7 15.
a4 Bxa4 16. Nxe4 fxe4 17. Rxa4 Qxa4 18. Rxh7 Qe8 19. Rxg7+ Kxg7 20. Qg4+ Kh7
21. Qh3+ Kg7 22. Qg4+ 1/2-1/2

[Event "Faxe Dags EMT 2016"]
[Site "Faxe"]
[Date "2016.04.27"]
[Round "5"]
[White "Skotte, Niels Peder"]
[Black "Mathiasen, Gunnar"]
[Result "1/2-1/2"]
[WhiteElo "1359"]
[BlackElo "1561"]
[PlyCount "113"]
[EventDate "2016.??.??"]

1. d4 Nf6 2. Nf3 g6 3. Bf4 Bg7 4. e3 O-O 5. Bd3 d6 6. c3 Nbd7 7. Nbd2 c5 8. O-O
Nh5 9. Bg3 Nxg3 10. hxg3 Nf6 11. Nh2 b6 12. Ne4 Bb7 13. Nxf6+ Bxf6 14. Be2 Qc7
15. Bf3 d5 16. Re1 e6 17. e4 Rad8 18. e5 Bg7 19. Ng4 Qe7 20. Qd2 cxd4 21. cxd4
h5 22. Nh2 Rc8 23. Rac1 Kh7 24. Rxc8 Rxc8 25. Nf1 Bh6 26. Ne3 Rc6 27. Rc1 Qc7
28. Rxc6 Qxc6 29. Qc3 Bxe3 30. Qxc6 Bxf2+ 31. Kxf2 Bxc6 32. Be2 Kh6 33. Ke3 Kg5
34. Kf3 f5 35. Ba6 Bd7 36. Bd3 Kh6 37. Be2 g5 38. Bd3 Be8 39. Bf1 h4 40. gxh4
gxh4 41. Kf4 b5 42. b4 a6 43. a3 Bh5 44. Bd3 Bd1 45. Bf1 Bc2 46. g3 hxg3 47.
Kxg3 Kg5 48. Kf3 Bd1+ 49. Ke3 Bg4 50. Bd3 f4+ 51. Kf2 Bf5 52. Be2 Be4 53. Bd1
Bf5 54. Be2 Bg4 55. Bd3 Bh5 56. Bc2 Bg6 57. Bd1 1/2-1/2

[Event "Faxe Dags EMT 2016"]
[Site "Faxe"]
[Date "2016.04.27"]
[Round "5"]
[White "Andersen, Hans E"]
[Black "Meldal, Peter"]
[Result "0-1"]
[WhiteElo "1449"]
[BlackElo "1268"]
[PlyCount "90"]
[EventDate "2016.??.??"]

1. e4 e5 2. Nf3 d6 3. Nc3 Be7 4. h3 c6 5. Bc4 Nf6 6. d4 exd4 7. Qxd4 O-O 8. O-O
c5 9. Qd3 a6 10. Nd5 Nxd5 11. Bxd5 Qc7 12. Qb3 Nc6 13. Bf4 Nb4 14. a3 Nxd5 15.
exd5 b5 16. c4 bxc4 17. Qxc4 Bd7 18. a4 Bf6 19. Ra2 Rfe8 20. b4 Qc8 21. Bxd6
cxb4 22. Qxb4 a5 23. Qb3 Re4 24. Kh2 Qa6 25. Rd1 Qxd6+ 26. Kg1 Rae8 27. Qc2 g6
28. Kf1 Bf5 29. Qd2 Rf4 30. Qxa5 Bxh3 31. Ng1 Bxg2+ 32. Kxg2 Rg4+ 33. Kh3 Rh4+
34. Kg2 Qf4 35. Re1 Rxe1 36. Qxe1 Rg4+ 37. Kf1 Qh2 38. Qe8+ Kg7 39. Nf3 Qf4 40.
Qe3 Qc4+ 41. Qe2 Qxd5 42. a5 Re4 43. Qc2 Qb5+ 44. Kg2 Rg4+ 45. Kh3 Qh5+ 0-1

[Event "Faxe Dags EMT 2016"]
[Site "Faxe"]
[Date "2016.04.27"]
[Round "5"]
[White "Nielsen, Ib"]
[Black "Larsen, Poul Erik"]
[Result "0-1"]
[WhiteElo "1334"]
[BlackElo "1180"]
[PlyCount "76"]
[EventDate "2016.??.??"]

1. e4 e5 2. Nc3 Nc6 3. d3 Nf6 4. Nf3 Bc5 5. h3 O-O 6. Ne2 d5 7. exd5 Nxd5 8.
Ng3 Re8 9. Ne4 Be7 10. Be2 f5 11. Ng3 f4 12. Ne4 Bf5 13. c3 Nf6 14. Nxf6+ Bxf6
15. O-O Qe7 16. Qb3+ Be6 17. Qd1 Rad8 18. Nh2 Bf5 19. Ng4 Bg5 20. Re1 Qc5 21.
Kh2 e4 22. d4 Qd6 23. Kg1 Qd5 24. b3 Qd6 25. a4 Qg6 26. d5 h5 27. Nh2 Ne5 28.
Bxh5 Qh6 29. Bxe8 Rxe8 30. Ng4 Bxg4 31. hxg4 Nd3 32. Re2 Nxc1 33. f3 Nxe2+ 34.
Qxe2 e3 35. Rd1 Bh4 36. Qc4 Kh8 37. d6 cxd6 38. Rxd6 Qxd6 0-1

[Event "Faxe Dags EMT 2016"]
[Site "Faxe"]
[Date "2016.04.27"]
[Round "5"]
[White "Jacobsen, Knud"]
[Black "Nielsen, Henning Sogaard"]
[Result "0-1"]
[WhiteElo "1038"]
[BlackElo "1213"]
[PlyCount "54"]
[EventDate "2016.??.??"]

1. e4 e5 2. f4 exf4 3. Nf3 Nc6 4. Bc4 Nf6 5. Ng5 Ne5 6. d3 d5 7. exd5 Nxd5 8.
Bxd5 Qxg5 9. O-O Ng6 10. Nc3 c6 11. Be4 Bf5 12. Bxf5 Qxf5 13. Qe1+ Be7 14. g3
f3 15. Qe3 Ne5 16. Re1 f6 17. d4 b6 18. dxe5 Bc5 19. Qxc5 bxc5 20. exf6+ Kf7
21. Ne4 Rad8 22. Bf4 Rhe8 23. Nd6+ Rxd6 24. Rxe8 Rxf6 25. Rae1 Qxc2 26. R1e7+
Kg6 27. Be5 Qg2# 0-1

[Event "Faxe Dags EMT 2016"]
[Site "Faxe"]
[Date "2016.04.27"]
[Round "5"]
[White "Hansen, Arne Mandrup"]
[Black "Andersen, Hans Poul"]
[Result "1-0"]
[WhiteElo "1230"]
[BlackElo "1310"]
[PlyCount "147"]
[EventDate "2016.??.??"]

1. d4 d5 2. c4 e6 3. g3 c6 4. Bg2 Nf6 5. Nf3 h6 6. O-O Bd6 7. Nbd2 O-O 8. Qc2
Bd7 9. Nh4 Be7 10. c5 Na6 11. a3 b6 12. b4 bxc5 13. bxc5 Nc7 14. Nhf3 Rb8 15.
Nb3 a6 16. a4 Nh7 17. Na5 Bf6 18. e4 Ne8 19. Bd2 Ng5 20. e5 Nxf3+ 21. Bxf3 Bg5
22. Bc3 Be7 23. Rfb1 Qc8 24. Nb3 f5 25. Ra2 g6 26. Rab2 Nc7 27. Na5 Rxb2 28.
Rxb2 Qa8 29. Qb1 Rc8 30. g4 Kg7 31. gxf5 exf5 32. Kh1 Ne6 33. Qc1 Bg5 34. Qg1
Nf4 35. Qb1 Ne6 36. Rb4 Nc7 37. Rb2 Kf7 38. Bg2 Ke6 39. Be1 Ne8 40. Bf1 Ng7 41.
Be2 h5 42. f3 Be3 43. Rb4 Bf4 44. Rb6 Rc7 45. Kg2 Bc8 46. h4 Be3 47. Bc3 Bf4
48. Qg1 Kf7 49. Kf1 Ne6 50. Kg2 Ng7 51. Qf1 Ne6 52. Bxa6 Nf8 53. Bxc8 Qxc8 54.
Qb1 Qd7 55. Rb2 Qe7 56. Qe1 Ke6 57. Kh1 g5 58. hxg5 Qxg5 59. Rg2 Qh6 60. Qg1
Kd7 61. Rg6 Qh8 62. Rg7+ Kc8 63. Rxc7+ Kxc7 64. Qg6 Qh6 65. Qxf5 h4 66. Qg4 Qg5
67. Qxg5 Bxg5 68. Kg2 Ne6 69. Nb3 Nf4+ 70. Kh2 Kd7 71. Bd2 Ke6 72. Bxf4 Bxf4+
73. Kh3 Bg3 74. a5 1-0

[Event "Faxe Dags EMT 2016"]
[Site "Faxe"]
[Date "2016.05.04"]
[Round "6"]
[White "Pedersen, Henrik Dahl"]
[Black "Hansen, Aage"]
[Result "1-0"]
[WhiteElo "2151"]
[BlackElo "1696"]
[PlyCount "41"]
[EventDate "2016.??.??"]

1. d4 d5 2. Nf3 Bf5 3. c4 Nf6 4. Nc3 e6 5. Bg5 Be7 6. Bxf6 Bxf6 7. cxd5 exd5 8.
Qb3 O-O 9. Qxd5 Bc8 10. e4 Nc6 11. Qxd8 Rxd8 12. e5 Be7 13. d5 Nb4 14. O-O-O a5
15. Bc4 Bc5 16. Ne4 Bf8 17. a3 Na6 18. e6 fxe6 19. dxe6 Rxd1+ 20. Rxd1 Be7 21.
Rd8+ 1-0

[Event "Faxe Dags EMT 2016"]
[Site "Faxe"]
[Date "2016.05.04"]
[Round "6"]
[White "Pedersen, Hans Dahl"]
[Black "Andersen, Bjarne Hjorth"]
[Result "1-0"]
[WhiteElo "2144"]
[BlackElo "1877"]
[PlyCount "185"]
[EventDate "2016.??.??"]

1. c4 Nf6 2. g3 g6 3. Bg2 Bg7 4. Nc3 c5 5. e4 d6 6. Nge2 Nc6 7. d3 Bd7 8. O-O
O-O 9. h3 Rc8 10. Be3 a6 11. Qd2 Qa5 12. Bh6 b5 13. Bxg7 Kxg7 14. f4 e6 15. e5
dxe5 16. fxe5 Ng8 17. Qf4 Qc7 18. Bxc6 Bxc6 19. Rad1 Rcd8 20. Ne4 Bxe4 21. Qxe4
bxc4 22. dxc4 Rxd1 23. Rxd1 Rd8 24. Rxd8 Qxd8 25. Nf4 Qg5 26. Kf2 h5 27. Qe3
Qf5 28. Qxc5 g5 29. Qe3 gxf4 30. gxf4 Ne7 31. Qg3+ Ng6 32. Ke3 Qc2 33. Qg5 Qc1+
34. Kf3 Qf1+ 35. Ke3 Qxh3+ 36. Kd4 Qf5 37. Qxf5 exf5 38. b4 h4 39. b5 h3 40. b6
h2 41. b7 Ne7 42. Kc5 h1=Q 43. b8=Q Qc6+ 44. Kb4 Qe4 45. Qd6 Qxf4 46. Qxe7 Qd2+
47. Kc5 Qxa2 48. Qf6+ Kg8 49. Qg5+ Kf8 50. Qd8+ Kg7 51. Qf6+ Kg8 52. Qxf5 Qa5+
53. Kc6 Qa4+ 54. Kd5 Qa5+ 55. c5 Qa2+ 56. Kc6 Qa4+ 57. Kc7 Qa5+ 58. Kd6 Qd8+
59. Qd7 Qb8+ 60. Qc7 Qb3 61. Qc8+ Kg7 62. Qg4+ Kf8 63. c6 Qa3+ 64. Kc7 Qa5+ 65.
Kc8 Qxe5 66. Qb4+ Kg7 67. c7 a5 68. Qg4+ Kf8 69. Qd7 Qe4 70. Qd8+ Kg7 71. Qg5+
Kf8 72. Qxa5 f5 73. Kb8 Qb1+ 74. Ka7 Qg1+ 75. Qb6 Qa1+ 76. Kb7 Qh1+ 77. Kb8 Qh2
78. Qf6+ Ke8 79. Qe6+ Kf8 80. Qxf5+ Ke7 81. Qc5+ Kd7 82. Qd5+ Ke7 83. Qc5+ Kd7
84. Qb5+ Ke7 85. Kb7 Qg2+ 86. Qc6 Qb2+ 87. Qb6 Qg2+ 88. Kb8 Qg3 89. Qb4+ Kd7
90. Qd4+ Ke7 91. Qc5+ Kd7 92. Qd5+ Ke7 93. Kb7 1-0

[Event "Faxe Dags EMT 2016"]
[Site "Faxe"]
[Date "2016.05.04"]
[Round "6"]
[White "Arnkilde, Anders"]
[Black "Alic, Ohran"]
[Result "1/2-1/2"]
[WhiteElo "1970"]
[BlackElo "1629"]
[PlyCount "107"]
[EventDate "2016.??.??"]

1. c4 Nf6 2. g3 c6 3. Bg2 d5 4. Nf3 g6 5. b3 Bg7 6. Bb2 O-O 7. O-O Re8 8. Qc2
Nbd7 9. d4 Nb6 10. Nbd2 Bf5 11. Qc3 dxc4 12. Nxc4 Ne4 13. Qc1 Nxc4 14. bxc4 Qc7
15. Nd2 Nxd2 16. Qxd2 Rad8 17. e4 Bg4 18. d5 Bxb2 19. Qxb2 c5 20. h3 Bc8 21. e5
b6 22. Rfe1 Bb7 23. a4 Ba6 24. Qc3 e6 25. a5 exd5 26. axb6 Qxb6 27. Reb1 d4 28.
Qd2 Qe6 29. Bd5 Qxh3 30. Rxa6 Rxe5 31. Qf4 Rf5 32. Qh4 Qxh4 33. gxh4 Rd7 34.
Rc6 Rh5 35. Rxc5 Rxh4 36. Rb7 Rxb7 37. Bxb7 d3 38. Ba6 Rd4 39. Rd5 Rxd5 40.
cxd5 d2 41. Be2 a5 42. Bd1 Kf8 43. Kf1 Ke7 44. Ke2 Kd6 45. Kxd2 Kxd5 46. Bb3+
Ke4 47. Bxf7 Kf3 48. Ke1 g5 49. Bd5+ Kf4 50. Bc6 h5 51. Kf1 g4 52. Kg2 h4 53.
Ba4 g3 54. fxg3+ 1/2-1/2

[Event "Faxe Dags EMT 2016"]
[Site "Faxe"]
[Date "2016.05.04"]
[Round "6"]
[White "Engelstoft, Jens"]
[Black "Petersen, Bent"]
[Result "0-1"]
[WhiteElo "1642"]
[BlackElo "1831"]
[PlyCount "42"]
[EventDate "2016.??.??"]

1. d4 d5 2. Nf3 Nf6 3. g3 c6 4. Bg2 e6 5. O-O Be7 6. Ne5 Nbd7 7. Nxd7 Bxd7 8.
b3 a5 9. a4 Rc8 10. c4 O-O 11. Nc3 Re8 12. Bb2 Bb4 13. Rc1 Qe7 14. c5 e5 15.
dxe5 Qxe5 16. Rc2 Qh5 17. e3 Qg6 18. Ne2 Bf5 19. Nf4 Bxc2 20. Nxg6 Bxd1 21.
Rxd1 hxg6 0-1

[Event "Faxe Dags EMT 2016"]
[Site "Faxe"]
[Date "2016.05.04"]
[Round "6"]
[White "Stuhr, Peter Sebastian"]
[Black "Nielsen, Kurt Sogaard"]
[Result "1-0"]
[WhiteElo "1907"]
[BlackElo "1661"]
[PlyCount "77"]
[EventDate "2016.??.??"]

1. e4 c5 2. Nc3 Nc6 3. f4 e6 4. Nf3 d6 5. Bb5 a6 6. Bxc6+ bxc6 7. b3 Be7 8. O-O
Qc7 9. Qe1 Nf6 10. Na4 Nd7 11. Bb2 O-O 12. Qg3 f6 13. e5 d5 14. Ba3 Qa7 15. d4
Rf7 16. exf6 Bxf6 17. Ne5 cxd4 18. Nxf7 Kxf7 19. Qd3 h6 20. Rae1 a5 21. Qh3 Nf8
22. Bc5 Qc7 23. Nb6 Rb8 24. Nxc8 Rxc8 25. Bxf8 Kxf8 26. Rxe6 c5 27. Rfe1 Rd8
28. Qh5 Qf7 29. Qxf7+ Kxf7 30. Rc6 Rd7 31. Rxc5 d3 32. c3 g5 33. Rd1 gxf4 34.
Rxd3 d4 35. Rxa5 Ke6 36. cxd4 Bxd4+ 37. Kf1 Rd6 38. Ra4 Be5 39. Rxd6+ 1-0

[Event "Faxe Dags EMT 2016"]
[Site "Faxe"]
[Date "2016.05.04"]
[Round "6"]
[White "Stuhr, Finn"]
[Black "Refsgaard, Kaj"]
[Result "1-0"]
[WhiteElo "1667"]
[BlackElo "1547"]
[PlyCount "91"]
[EventDate "2016.??.??"]

1. e4 c5 2. Nc3 Nc6 3. f4 d6 4. Nf3 g6 5. Bb5 Bd7 6. d3 Bg7 7. Bd2 a6 8. Bc4
Nf6 9. a4 Rb8 10. Qe2 Nd4 11. Nxd4 cxd4 12. Nd5 e6 13. Nxf6+ Bxf6 14. O-O O-O
15. Qf2 Bc6 16. Bb3 Qe7 17. a5 e5 18. fxe5 Bxe5 19. Bh6 Bg7 20. Bxg7 Kxg7 21.
Qxd4+ Kg8 22. Rf6 Rbd8 23. Raf1 d5 24. exd5 Rd6 25. Rxd6 Qxd6 26. Qe4 Bd7 27.
c4 Qc5+ 28. d4 Qxa5 29. c5 Qb4 30. Qd3 Bb5 31. Qd1 Bxf1 32. Kxf1 Rd8 33. d6 b6
34. Qf3 Rf8 35. Qd5 Qd2 36. d7 Qf4+ 37. Ke2 Qg4+ 38. Ke3 Qh4 39. c6 Qe1+ 40.
Kf3 Qf1+ 41. Kg3 Qd3+ 42. Kh4 g5+ 43. Qxg5+ Kh8 44. Qf6+ Kg8 45. Bxf7+ Rxf7 46.
d8=Q+ 1-0

[Event "Faxe Dags EMT 2016"]
[Site "Faxe"]
[Date "2016.05.04"]
[Round "6"]
[White "Hansen, Borge"]
[Black "Eckert, Svend"]
[Result "1/2-1/2"]
[WhiteElo "1433"]
[BlackElo "1692"]
[PlyCount "75"]
[EventDate "2016.??.??"]

1. d4 Nf6 2. c4 e5 3. dxe5 Ne4 4. Nf3 Nc6 5. Nbd2 Nc5 6. a3 a5 7. e3 d6 8. exd6
Bxd6 9. Be2 O-O 10. O-O Re8 11. Nd4 Nxd4 12. exd4 Ne4 13. Bd3 Bf5 14. Nxe4 Bxe4
15. Bxe4 Rxe4 16. Re1 Rxd4 17. Qf3 Rxc4 18. Qxb7 h6 19. Qf3 Rb8 20. Rb1 Qd7 21.
g3 Qc6 22. Qxc6 Rxc6 23. Bd2 a4 24. Re4 Rc2 25. Bf4 Bc5 26. Be3 Bxa3 27. Rxa4
Rbxb2 28. Rxb2 Bxb2 29. Ra2 c5 30. Bxc5 Rxc5 31. Rxb2 g5 32. Rb6 Kg7 33. Kg2 f6
34. h3 h5 35. Rb7+ Kg6 36. Rb3 Rc4 37. Rb6 Rc3 38. Rb8 1/2-1/2

[Event "Faxe Dags EMT 2016"]
[Site "Faxe"]
[Date "2016.05.04"]
[Round "6"]
[White "Larsen, Poul Erik"]
[Black "Jakobsen, Henning"]
[Result "1-0"]
[WhiteElo "1180"]
[BlackElo "1474"]
[PlyCount "53"]
[EventDate "2016.??.??"]

1. e4 d6 2. Nf3 Nf6 3. Nc3 g6 4. Bc4 Bg4 5. h3 Bxf3 6. Qxf3 Bg7 7. e5 dxe5 8.
Qxb7 Nbd7 9. Nd5 Nxd5 10. Qxd5 e6 11. Qc6 O-O 12. d3 Nb6 13. Bb3 Qd6 14. Qf3
Rab8 15. c3 Nd5 16. O-O Nf4 17. Rd1 Rbd8 18. Bxf4 exf4 19. d4 Kh8 20. Rd3 g5
21. Rad1 Qb6 22. Qe4 Rd6 23. c4 Qb8 24. c5 Rdd8 25. Bc2 Qxb2 26. Rb3 Qxa2 27.
Qxh7# 1-0

[Event "Faxe Dags EMT 2016"]
[Site "Faxe"]
[Date "2016.05.04"]
[Round "6"]
[White "Meldal, Peter"]
[Black "Skotte, Niels Peder"]
[Result "1-0"]
[WhiteElo "1268"]
[BlackElo "1359"]
[PlyCount "83"]
[EventDate "2016.??.??"]

1. e4 d6 2. Bc4 Nf6 3. Nc3 c6 4. d4 h6 5. Nf3 Bg4 6. O-O Nbd7 7. h3 Bh5 8. Re1
e5 9. dxe5 Nxe5 10. Be2 Bxf3 11. Bxf3 Nxf3+ 12. Qxf3 Be7 13. Bf4 O-O 14. Rad1
Nh7 15. Qg3 Qb6 16. Bxh6 Bf6 17. Rxd6 g6 18. Bxf8 Rxf8 19. Nd5 Qxb2 20. Nxf6+
Nxf6 21. Qb3 Qe5 22. Qd3 Nh7 23. Rd7 Rb8 24. Qb3 Qe8 25. Rxb7 Rxb7 26. Qxb7 Ng5
27. Qxa7 Qc8 28. Qe3 Ne6 29. f4 c5 30. f5 Nd4 31. Qd3 Qc6 32. c3 Nb5 33. Qd8+
Kg7 34. fxg6 Qxg6 35. Qd3 Nd6 36. Re3 Kf8 37. e5 Nf5 38. Rf3 Ne7 39. Qd8+ Kg7
40. Qxe7 Qe6 41. Qg5+ Qg6 42. Qxg6+ 1-0

[Event "Faxe Dags EMT 2016"]
[Site "Faxe"]
[Date "2016.05.04"]
[Round "6"]
[White "Mathiasen, Gunnar"]
[Black "Zachariassen, John"]
[Result "0-1"]
[WhiteElo "1561"]
[BlackElo "1959"]
[PlyCount "114"]
[EventDate "2016.??.??"]

1. e4 g6 2. Nf3 Bg7 3. d4 d6 4. c3 Nf6 5. Bd3 O-O 6. O-O c6 7. Re1 Nh5 8. Be3
e5 9. Nbd2 h6 10. Qc2 g5 11. dxe5 dxe5 12. Nc4 Qe7 13. Be2 Nf4 14. Bf1 Bg4 15.
Nfd2 Nd7 16. f3 Be6 17. Rad1 Rfd8 18. Nb3 b6 19. g3 Nh3+ 20. Kg2 g4 21. Nd6
gxf3+ 22. Kxf3 Ng5+ 23. Bxg5 Qxg5 24. Kg2 Bf8 25. Nf5 Nf6 26. Bd3 Nh5 27. Kh1
Nf6 28. Qg2 a5 29. Qf3 Rd7 30. Rf1 Rad8 31. Nc1 Ng4 32. h4 Qg6 33. Bc2 Bc5 34.
Rxd7 Rxd7 35. Rd1 Nf2+ 36. Kg2 Nxd1 37. Bxd1 Rd2+ 38. Be2 Bxf5 39. exf5 Qd6 40.
Kh3 Qd5 41. Qg4+ Kh7 42. Bf3 Qd7 43. Be4 Kh8 44. Qh5 Bf8 45. Qf3 Rd6 46. Nd3
Bg7 47. Nf2 Qe8 48. Bc2 Rd2 49. Qe4 Rxf2 50. f6 Qe6+ 51. g4 Rxc2 52. fxg7+ Kxg7
53. Qxc2 h5 54. Qe4 Qxg4+ 55. Qxg4+ hxg4+ 56. Kxg4 Kh6 57. Kf5 f6 0-1